000 00734aas a2200241 4500
999 _c1717
_d1717
003 BR-BrBNA
005 20230317233305.0
007 ta
008 230119b bl ||||| |||| 00| 0 por d
022 _a0100-6746
035 _a000485-5
040 _aBR-BrBNA
_bPor
_cBR-BrBNA
042 _a002300-0
044 _abl
245 _aAgropecuária (Brazil)
260 _aSão Paulo-SP
_bNovo Grupo Editora Técnica Ltda
_c1979. Data final de publicação em 1985
_eBSP
270 _aRua Pirapitinga 186 - 01508-000 - São Paulo - SP
310 _amensal
505 _a1979 1(1-9); 1980 1-2(10-15,19-21); 1981-82 2-4(22-44); 1983 4-5(47-52); 1984 5(60); 1985 6(67);
650 1 2 _gAGRICULTURA
909 _a56
_bSergio Santos
_c56
_dSergio Santos
942 _cCR
_2AGRIS